| 000 | 00639nam a2200229Ia 4500 | ||
|---|---|---|---|
| 003 | OSt | ||
| 005 | 20220928102217.0 | ||
| 006 | a|||||r|||| 00| 0 | ||
| 007 | ta | ||
| 008 | 220927b |||||||| |||| 00| 0 eng d | ||
| 024 | _a56949 | ||
| 037 | _cTextual | ||
| 040 |
_aSDCL _cSDCL _beng |
||
| 041 |
_2eng _aeng |
||
| 082 | _aV46:194653,(zM)'M6, L4 | ||
| 100 |
_aO'Ballance Edgar _9397156 |
||
| 245 | 0 | _aElectronic war in the middle East,1968-70 | |
| 260 |
_aLondon _bFaber and Faber _c1974 |
||
| 300 |
_a148p _ccm. |
||
| 942 |
_hV46:194653,(zM)'M6, L4 _cTEXL _2CC |
||
| 999 |
_c712952 _d712952 |
||